Business Ethics: an Indian Perspective/ (Record no. 176392)

MARC details
000 -LEADER
fixed length control field 00851nam a22002177a 4500
005 - DATE AND TIME OF LATEST TRANSACTION
control field 20201217152541.0
010 ## - LCCN (DPL NO)
LC control number ENG-128694
020 ## - INTERNATIONAL STANDARD BOOK NUMBER
International Standard Book Number 978-93-534-3744-2
Terms of availability 650.00
035 ## - SYSTEM CONTROL NUMBER
System control number EN-112226
037 ## - SOURCE OF ACQUISITION
Source of stock number/acquisition DBAD/PUB
082 ## - DEWEY DECIMAL CLASSIFICATION NUMBER
Classification number 174.4
100 ## - MAIN ENTRY--PERSONAL NAME
Personal name Fernando, A. C.
245 ## - TITLE STATEMENT
Title Business Ethics: an Indian Perspective/
Statement of responsibility, etc A. C. Fernando, K. P. Muraleedharan, and E. K. Satheesh
250 ## - EDITION STATEMENT
Edition statement 3rd
260 ## - PUBLICATION, DISTRIBUTION, ETC. (IMPRINT)
Place of publication, distribution, etc Uttar Pradesh
Name of publisher, distributor, etc Pearson India Education Services Pvt. Ltd.
Date of publication, distribution, etc 2019
270 ## - ADDRESS
City Uttar Pradesh
Postal code 201301
Address 15th Floor, Tower-B, World Trade Tower, Plot No.- 1, Block-C, Sector-16, Noida
Electronic mail address companysecretary.india@pearson.com
Telephone number 044-66540100
300 ## - PHYSICAL DESCRIPTION
Extent xxviii+588p.
Dimensions 25cm(pbk)
Other physical details Including illustrations, Tables and Index.
700 ## - ADDED ENTRY--PERSONAL NAME
Personal name Muraleedharan, K. P.
700 ## - ADDED ENTRY--PERSONAL NAME
Personal name Satheesh, E. K.
942 ## - ADDED ENTRY ELEMENTS (KOHA)
Source of classification or shelving scheme Dewey Decimal Classification
Item type English Books
Classification part 174.4
Call number suffix FER
Holdings
Withdrawn status Lost status Not for loan Collection code Home library Current library Date acquired Source of acquisition Cost, normal purchase price Full call number Barcode Copy number Cost, replacement price Koha item type
      Non-fiction Ashok Vihar Ashok Vihar 17/12/2020 DBAD/PUB 650.00 174.4 FER EN-112226 1 650.00 English Books

© Delhi Public Library
Hit Counter
free hit counter